000 00265nam a2200109Ia 4500
008 200302s9999 xx 000 0 und d
100 _aStephen Calloway
245 _aThe Elements of Style
260 _bMitchell Beazley Books Ltd.
260 _c1991
300 _a544 P.,
999 _c831
_d831